UBT Library

TERMOELEKTROCENTRALET E KOSOVES (Record no. 59453)

000 -LEADER
fixed length control field 00330nam a22001457a 4500
008 - FIXED-LENGTH DATA ELEMENTS--GENERAL INFORMATION
fixed length control field 230324b ||||| |||| 00| 0 eng d
020 ## - INTERNATIONAL STANDARD BOOK NUMBER
International Standard Book Number 9789951615426
041 ## - LANGUAGE CODE
Language code of text/sound track or separate title SHQIP
080 ## - UNIVERSAL DECIMAL CLASSIFICATION NUMBER
Universal Decimal Classification number 721
082 ## - DEWEY DECIMAL CLASSIFICATION NUMBER
Classification number 721KRA
100 ## - Rafti
Rafti 20
101 ## - Shkurtesa
Shkurtesa ARKITEK
245 ## - TITLE STATEMENT
Title TERMOELEKTROCENTRALET E KOSOVES
Statement of responsibility, etc KRASNIQI.F
942 ## - ADDED ENTRY ELEMENTS (KOHA)
Source of classification or shelving scheme
Item type Books
Holdings
Withdrawn status Lost status Source of classification or shelving scheme Damaged status Not for loan Collection code Permanent location Current location Date acquired Total Checkouts Full call number Barcode Date last seen Price effective from Koha item type
          Koleksioni i përgjithshem UBT - Lipjan UBT - Lipjan 03/24/2023   721KRA 002-80003025 03/24/2023 03/24/2023 Books
          Koleksioni i përgjithshem UBT - Lipjan UBT - Lipjan 03/24/2023   721KRA 002-80003026 03/24/2023 03/24/2023 Books
          Koleksioni i përgjithshem UBT - Lipjan UBT - Lipjan 03/24/2023   721KRA 002-80003027 03/24/2023 03/24/2023 Books
          Koleksioni i përgjithshem UBT - Lipjan UBT - Lipjan 03/24/2023   721KRA 002-80003028 03/24/2023 03/24/2023 Books
          Koleksioni i përgjithshem UBT - Lipjan UBT - Lipjan 03/24/2023   721KRA 002-80003029 03/24/2023 03/24/2023 Books
          Koleksioni i përgjithshem UBT - Lipjan UBT - Lipjan 03/24/2023   721KRA 002-80003030 03/24/2023 03/24/2023 Books
          Koleksioni i përgjithshem UBT - Lipjan UBT - Lipjan 03/24/2023   721KRA 002-80003031 03/24/2023 03/24/2023 Books
UBT Library © 2015-2024. All rights reserved University Education for Business and Technology